000 00391nam a2200121Ia 4500
008 250110s9999 xx 000 0 und d
041 _aeng
100 _aDoshi Mugdha
_9204291
245 _aLET IT FLOOD : Design For Resilience In Low Laying Area Or Flat Topography
260 _bBNCA M Arch Digital Architecture
_aPune
_c2023
300 _a90p
700 _aGuide Name:Sardesai Kaushik
_9210998
999 _c364680
_d364680